000
00281nam a2200121Ia 4500
008
190216s9999||||xx |||||||||||||| ||und||
100
_a
Irodov I E
245
0
_a
Problems In General Physics
260
_b
Mir Pubs Moscow
_c
1981
300
_a
386p
650
_a
Physics
942
_c
BK
999
_c
33292
_d
33292